000
00307nam a2200133Ia 4500
005
20251222152704.0
008
251222s9999||||xx |||||||||||||| ||spa||
020
_a
8439524064
082
_a
333.00972/P66
245
0
_a
Nuestros Árboles
250
_a
1ra. ed.
264
_b
Planeta-Agostini
942
_c
LIB
999
_c
28944
_d
28944